La vida sexual de Catherine M. /
Guardado en:
| Hovedforfatter: | |
|---|---|
| Format: | Bog |
| Sprog: | spansk |
| Udgivet: |
Barcelona, España :
Anagrama,
2001, c2001
|
| Serier: | (Panorama de Narrativas ;
492) |
| Fag: | |
| Tags: |
Ingen Tags, Vær først til at tagge denne postø!
|
MARC
| LEADER | 00000nam^a2200000^a^4500 | ||
|---|---|---|---|
| 001 | 000129851 | ||
| 005 | 20250521000000.0 | ||
| 009 | 20260310094927.409 | ||
| 020 | |a 84-339-6952-8 | ||
| 037 | |a Acervo ITESO - Biblioteca | ||
| 041 | |a ESP | ||
| 082 | |a 840. 92 |b MIL | ||
| 100 | |a Millet, Catherine |e (autor) | ||
| 245 | 1 | 3 | |a La vida sexual de Catherine M. / |c C. Millet ; tr. por Jaime Zulaika. |
| 264 | 4 | |a Barcelona, España : |b Anagrama, |c 2001, c2001 | |
| 300 | |a 254 p. | ||
| 336 | |a texto |b txt |2 rdacontenido | ||
| 337 | |a sin mediación |b n |2 rdamedio | ||
| 338 | |a volumen |b nc |2 rdasoporte | ||
| 440 | 1 | |a (Panorama de Narrativas ; |v 492) | |
| 545 | 0 | |a Catherine Millet es una figura muy apreciada en el campo del arte en Francia y en Europa en general. Las memorias de su vida sexual han constituido todo un acontecimiento, tanto en Francia como en los lugares donde han sido traducidas. Sin embargo, más allá de la polémica que el tema suscita, han merecido el reconocimiento literario. | |
| 649 | |a XX | ||
| 650 | |a Escritores Franceses - |x Memorias | ||
| 650 | |a Mujeres Francesas - |x Memorias | ||
| 650 | |a Memorias Francesas | ||
| 650 | |a Narrativa de No Ficción Francesa | ||
| 650 | |a Literatura Francesa - |y Siglo XXI | ||
| 650 | |a Literatura Erótica - |z Francia | ||
| 650 | |a Sexualidad en la Literatura | ||
| 650 | |a Millet, Catherine - |x Tema Principal | ||
| 910 | |a Fondo General | ||
| 920 | |a Impresos - Libros | ||
| 930 | |a Colección General | ||
| 940 | |a Literatura | ||
| 905 | |a 101 | ||
| 901 | |a 0500059990 |b IT1 |c LIT |u 20250521 | ||
| 901 | |a 0500183232 |b IT1 |c LIT |i C122774 |u 20250521 | ||
| 902 | |a https://opac.biblio.iteso.mx/vufind/Record/000129851 | ||